000 00741nam a2200229Ii 4500
003 JO-AjNU
008 230605s9999||||xx |||||||||||||| ||und||
017 _a2017/12/6408
020 _a978-9957-686-14-7
040 _aJO-AjNU
_bara
_erda
_cJO-AjNU
041 _aara
050 1 4 _aPJ8062.H3264 2018
100 3 _aحداد، نبيل,
_eauthor
_958629
245 0 0 _aنظرات في الرواية الأردنية
250 _aط1
264 3 1 _aإربد: عالم الكتب الحديث للنشر والتوزيع، 2018
300 _a166ص
336 _atext
_btxt
_2rdacontent
337 _aunmediated
_bn
_2rdamedia
338 _avolume
_bnc
_2rdacarrier
650 4 _aالأدب العربي - روايات - نظرات
_958630
999 _aA26338
_c29906
_d29906